[Event "ch-Africa 2025"]
[Site "Kerdasa EGY"]
[Date "2025.05.18"]
[Round "7.17"]
[White "Abdallah, Mohamed Khalil"]
[Black "Abugenda, Nagi"]
[Result "1-0"]
[WhiteTitle "CM"]
[BlackTitle "CM"]
[WhiteElo "2123"]
[BlackElo "1994"]
[WhiteFideId "5529506"]
[BlackFideId "9202544"]
[EventDate "2025.05.13"]

1. d4 Nf6 2. c4 e6 3. g3 d5 4. Bg2 b6 5. cxd5 exd5 6. Nf3 Bd6 7. Nc3 Bb7 8. O-O
a6 9. Bf4 Bxf4 10. gxf4 Qd6 11. e3 Nbd7 12. Rc1 h6 13. Ne5 O-O 14. Kh1 c5 15.
Rg1 Rac8 16. Bh3 Rc7 17. Rg3 cxd4 18. Qxd4 Nh5 19. Rgg1 Ndf6 20. Bg2 Rfc8 21.
Rcd1 Rc5 22. Bf3 Qe6 23. Be2 b5 24. Bf3 Ba8 25. Qd3 Bb7 26. Bg2 Ba8 27. f3 Bb7
28. Ne2 a5 29. Nd4 Qa6 30. Bh3 R8c7 31. Bf1 Qb6 32. Be2 b4 33. Nf5 Kf8 34. Nd4
Bc8 35. Rd2 Rc1 36. Rdd1 R1c5 37. Rd2 Rc1 38. Rxc1 Rxc1+ 39. Rd1 Qc7 40. Kg2
Rxd1 41. Bxd1 Nd7 42. Qc2 Qxc2+ 43. Bxc2 Nc5 44. Nec6 Nb7 45. Nb3 a4 46. Nbd4 b3
47. axb3 axb3 48. Bxb3 Nf6 49. Bc2 Bd7 50. Ne5 Be8 51. b4 g6 52. Bd3 Ke7 53. Kf2
Kd6 54. Bb5 Nd8 55. Bxe8 Nxe8 56. Ke2 Nc7 57. Kd2 g5 58. Nf5+ Ke6 59. Nd4+ Kf6
60. Ng4+ Kg6 61. fxg5 hxg5 62. b5 Nb7 63. Kc3 f5 64. Ne5+ Kf6 65. Nd3 Ne8 66.
Kb4 Ned6 67. Nc5 Nd8 68. Nd7+ Ke7 69. Ne5 Kf6 70. Nec6 N8b7 71. Kc3 Nc4 72. e4
fxe4 73. fxe4 Nb6 74. e5+ Kf7 75. e6+ Kf6 76. Kb4 g4 77. e7 Kf7 78. Nf5 Nc8 79.
Nh6+ Ke8 80. Nxg4 Nxe7 81. Nf6+ Kf7 82. Nxe7 Kxf6 83. Nxd5+ Ke5 84. Ne3 Ke4 85.
h4 Ke5 86. h5 Kf6 87. Ng4+ Kg5 88. h6 Kg6 89. b6 Nd6 90. Kc5 Nb7+ 91. Kc6 Na5+
92. Kc7 Kh7 93. b7 Nxb7 94. Kxb7 Kg6 95. Kc6 Kh7 96. Kd6 Kg6 97. Ke6 Kh7 98. Kf6
Kg8 99. Kg6 Kh8 100. Ne5 1-0

[Event "ch-Africa 2025"]
[Site "Kerdasa EGY"]
[Date "2025.05.18"]
[Round "7.18"]
[White "Elnasri, Mohammed"]
[Black "Sayed Hassan, Mohamed"]
[Result "1-0"]
[WhiteTitle "CM"]
[WhiteElo "1943"]
[BlackElo "2201"]
[WhiteFideId "12200883"]
[BlackFideId "10603468"]
[EventDate "2025.05.13"]

1. e4 c5 2. Nf3 e6 3. d4 cxd4 4. Nxd4 a6 5. c4 Qc7 6. Be2 Nf6 7. Nc3 Bd6 8. h3
Nc6 9. O-O Nxd4 10. Qxd4 b6 11. Kh1 Be5 12. Qd3 Bb7 13. Bg5 h6 14. Bxf6 gxf6 15.
Rad1 Bc6 16. Bf3 Qb7 17. Rfe1 d6 18. Ne2 b5 19. b3 bxc4 20. bxc4 Qa7 21. Nd4 Ba4
22. Rd2 Qc5 23. Nb3 Qb4 24. Rb1 O-O 25. Rc2 Rfc8 26. g3 Rab8 27. Bg2 f5 28. exf5
exf5 29. Qxf5 Rxc4 30. Bd5 Rxc2 31. Qxc2 Kg7 32. Qf5 Rf8 33. Be4 Rh8 34. Bd5 Rf8
35. f4 Bf6 36. g4 Re8 37. g5 hxg5 38. fxg5 Bd4 39. Qxf7+ Kh8 40. Qh5+ 1-0

[Event "ch-Africa 2025"]
[Site "Kerdasa EGY"]
[Date "2025.05.18"]
[Round "7.19"]
[White "Oluka Robert Mcligeyo"]
[Black "Abdin, Mahmoud"]
[Result "0-1"]
[WhiteTitle "CM"]
[WhiteElo "2047"]
[BlackElo "1993"]
[WhiteFideId "10814647"]
[BlackFideId "10653376"]
[EventDate "2025.05.13"]

1. e4 c5 2. Nf3 Nc6 3. Bb5 Nf6 4. Nc3 Qc7 5. d3 Nd4 6. Bc4 e6 7. O-O Ng4 8. g3
Nxf3+ 9. Qxf3 Ne5 10. Qe2 Nxc4 11. dxc4 d6 12. Bf4 Bd7 13. Rfd1 O-O-O 14. a3 h6
15. e5 Bc6 16. b4 b6 17. exd6 Bxd6 18. Rxd6 Rxd6 19. bxc5 bxc5 20. Qe5 Rhd8 21.
Qxc5 f6 22. Bxd6 Rxd6 23. Nb5 Bxb5 24. Qxc7+ Kxc7 25. cxb5 Rd2 26. Rc1 Kb6 27.
a4 Kc5 28. Kg2 Rd4 29. Ra1 Rc4 30. Ra2 Rc3 31. Kf1 Kb4 32. Ke2 Ka5 33. Kd2 Rf3
34. Ke2 Rc3 35. h4 h5 36. Kd2 Rf3 37. Ke1 Rc3 38. Ke2 g5 39. hxg5 fxg5 40. Kd2
Rf3 41. Ke1 Rc3 42. Rb2 h4 43. b6 axb6 44. Rb5+ Kxa4 45. Rxg5 hxg3 46. fxg3 Rxc2
47. Rg6 b5 48. Rxe6 b4 49. Kd1 Rg2 50. Kc1 Ka3 51. Ra6+ Kb3 52. Rg6 Rg1+ 53. Kd2
Ka2 54. Ra6+ Kb2 55. Rg6 b3 56. g4 Kb1 57. Rb6 b2 58. Ra6 Rg2+ 59. Kd1 Rxg4 60.
Ra8 Rd4+ 61. Ke2 Kc2 62. Rc8+ Kb3 63. Ke3 Rb4 0-1

[Event "ch-Africa 2025"]
[Site "Kerdasa EGY"]
[Date "2025.05.18"]
[Round "7.20"]
[White "Hossam Mohamed, Adham"]
[Black "Zebaze Dongmo Loic Dylane"]
[Result "1-0"]
[WhiteTitle "CM"]
[BlackTitle "CM"]
[WhiteElo "2014"]
[BlackElo "1921"]
[WhiteFideId "10669671"]
[BlackFideId "16401107"]
[EventDate "2025.05.13"]

1. e4 e6 2. d4 d5 3. Nc3 Nf6 4. e5 Nfd7 5. f4 c5 6. Nf3 Nc6 7. Be3 Qb6 8. a3 a6
9. Be2 Nxd4 10. Nxd4 cxd4 11. Bxd4 Bc5 12. Na4 Qa5+ 13. c3 Bxd4 14. Qxd4 O-O 15.
O-O Qc7 16. b4 b5 17. Nb2 Bb7 18. Rac1 Rfc8 19. Nd3 Qb6 20. Qxb6 Nxb6 21. f5 Nc4
22. fxe6 fxe6 23. Nc5 Rxc5 24. bxc5 Nxa3 25. Bh5 g6 26. Bg4 Re8 27. Rf6 Bc8 28.
c6 Nc4 29. c7 Nb6 30. Ra1 Na4 31. c4 Nb6 32. cxb5 axb5 33. Ra5 Nc4 34. Rxb5 Nxe5
35. Rxe6 Rxe6 36. Bxe6+ Bxe6 37. Rxd5 Nf7 38. Rd8+ Kg7 39. c8=Q Bxc8 40. Rxc8 h5
41. Kf2 Nd6 42. Rc6 Nf5 43. Ra6 Kh6 44. Kf3 Nd4+ 45. Ke4 Nf5 46. Kf4 Nd4 47. Rf6
Ne2+ 48. Ke3 Nc3 49. Rd6 Nb5 50. Rd7 Nc3 51. Kd3 Nd1 52. Rf7 Nb2+ 53. Kd4 Kg5
54. Rf1 1-0

[Event "ch-Africa 2025"]
[Site "Kerdasa EGY"]
[Date "2025.05.18"]
[Round "7.21"]
[White "Cogan, Nicolas"]
[Black "Nader Obeid"]
[Result "0-1"]
[WhiteTitle "CM"]
[BlackTitle "FM"]
[WhiteElo "2099"]
[BlackElo "2069"]
[WhiteFideId "679356"]
[BlackFideId "12200085"]
[EventDate "2025.05.13"]

1. d4 d5 2. c4 c6 3. cxd5 cxd5 4. Bg5 Bf5 5. Nc3 f6 6. Bd2 Nc6 7. e4 dxe4 8. d5
Ne5 9. Qa4+ Kf7 10. f3 exf3 11. Nxf3 Nxf3+ 12. gxf3 g6 13. O-O-O Bh6 14. d6 exd6
15. Bc4+ Kg7 16. Qb4 Rc8 17. Bd3 Bxd3 18. Bxh6+ Nxh6 19. Rxd3 Nf5 20. Qxb7+ Rc7
21. Qb3 Qe7 22. Kb1 Rb7 23. Qa4 Rhb8 24. b3 Rc8 25. Qe4 Qc7 26. Rg1 Kf8 27. Qe6
Qc5 28. Qxf6+ Rf7 29. Qh8+ Ke7 30. Nd5+ Kd7 31. Nf6+ Rxf6 32. Qxh7+ Ne7 33. Re1
Re6 34. Red1 Qc2+ 35. Ka1 Qe2 36. Qh4 Rc2 37. Qa4+ Nc6 38. f4 Qxd3 0-1

[Event "ch-Africa 2025"]
[Site "Kerdasa EGY"]
[Date "2025.05.18"]
[Round "7.22"]
[White "Bakeer Ehab, Ahmad"]
[Black "Kimani, Kimingi"]
[Result "1/2-1/2"]
[WhiteElo "2069"]
[BlackElo "1911"]
[WhiteFideId "54240433"]
[BlackFideId "10807012"]
[EventDate "2025.05.13"]

1. e4 c5 2. Nf3 Nc6 3. Bb5 d6 4. O-O g6 5. c3 Bg7 6. d4 Qb6 7. Ba4 cxd4 8. cxd4
Bd7 9. Nc3 Nf6 10. h3 O-O 11. e5 Ne8 12. Re1 Nc7 13. d5 Nxe5 14. Nxe5 Bxa4 15.
Nxa4 Qa5 16. Bd2 Qxd5 17. Nc3 Qa5 18. Nf3 e6 19. a4 Qb6 20. Rb1 d5 21. Be3 Qd6
22. Qd2 e5 23. Bh6 Rfe8 24. Bxg7 Kxg7 25. Rbd1 Rad8 26. Qe2 f6 27. Nb5 Nxb5 28.
Qxb5 Qc6 29. Qa5 b6 30. Qxa7+ Rd7 31. Rc1 Qd6 32. Qa6 d4 33. Qb5 Ra8 34. Rc6 Qd5
35. Qxd5 Rxd5 36. b3 b5 37. Ra1 bxa4 38. Rxa4 Ra7 39. Ra5 1/2-1/2

[Event "ch-Africa 2025"]
[Site "Kerdasa EGY"]
[Date "2025.05.19"]
[Round "8.1"]
[White "Adly, Ahmed"]
[Black "Amin, Bassem"]
[Result "1-0"]
[WhiteTitle "GM"]
[BlackTitle "GM"]
[WhiteElo "2597"]
[BlackElo "2649"]
[WhiteFideId "10601619"]
[BlackFideId "10601457"]
[EventDate "2025.05.13"]

1. d4 Nf6 2. Nf3 g6 3. g3 Bg7 4. Bg2 O-O 5. c4 d6 6. O-O Nc6 7. Nc3 e5 8. dxe5
dxe5 9. Bg5 h6 10. Qxd8 Rxd8 11. Bxf6 Bxf6 12. Nd5 Kg7 13. Nxc7 Rb8 14. e4 Bg4
15. Nd5 b5 16. cxb5 Rxb5 17. b3 Nd4 18. Nxd4 exd4 19. Nxf6 Kxf6 20. Rfc1 Be2 21.
f3 d3 22. Kf2 Rb6 23. Rc3 Ra6 24. a4 Rad6 25. Bf1 Bxf1 26. Rxf1 d2 27. Rd1 Rd3
28. Rc2 h5 29. Rb2 Ke6 30. h4 f5 31. exf5+ gxf5 32. Ke2 Rc3 33. Rbxd2 Rxd2+ 34.
Rxd2 Rxb3 35. Rc2 Kd6 36. Rc8 Rb4 37. Rh8 f4 38. g4 hxg4 39. fxg4 Rxa4 40. Kf3
a5 41. Re8 Kd7 42. Re1 Rb4 43. h5 a4 44. g5 a3 45. g6 a2 46. g7 1-0

[Event "ch-Africa 2025"]
[Site "Kerdasa EGY"]
[Date "2025.05.19"]
[Round "8.2"]
[White "Bellahcene, Bilel"]
[Black "Ahmed, Ahmed Alaa"]
[Result "1-0"]
[WhiteTitle "GM"]
[WhiteElo "2504"]
[BlackElo "2223"]
[WhiteFideId "696358"]
[BlackFideId "10624562"]
[EventDate "2025.05.13"]

1. d4 Nf6 2. c4 e6 3. Nc3 Bb4 4. a3 Bxc3+ 5. bxc3 c5 6. f3 d5 7. e3 O-O 8. cxd5
Nxd5 9. Qd2 b6 10. Bd3 cxd4 11. cxd4 Ba6 12. Ne2 Bxd3 13. Qxd3 Qc8 14. e4 Nf6
15. Bb2 Qa6 16. Qd2 Nbd7 17. O-O Rfc8 18. Nf4 b5 19. d5 exd5 20. e5 Ne8 21. Nxd5
Qe6 22. f4 Nb6 23. Nxb6 Qxb6+ 24. Bd4 Rd8 25. Rad1 Qh6 26. Qf2 Qh5 27. f5 Rd5
28. Rde1 a5 29. Re4 Rc8 30. f6 gxf6 31. Qg3+ Kh8 32. Rh4 Qe2 33. Qh3 Qc2 34. e6
fxe6 35. Qxe6 Rg5 36. g3 Rg7 37. Re1 Rg8 38. Rhe4 Qc7 39. Qf5 Qd8 40. Rh4 Rg7
41. Qxb5 Re7 42. Rf1 Rd7 43. Qf5 Qe7 44. Re4 Qf7 45. Rxe8+ Rxe8 46. Bxf6+ Kg8
47. Qg4+ Kf8 48. Bg7+ Kg8 49. Rf2 Qf6 50. Rxf6 1-0

[Event "ch-Africa 2025"]
[Site "Kerdasa EGY"]
[Date "2025.05.19"]
[Round "8.3"]
[White "Fadi, Marko"]
[Black "Wafa, Hamed"]
[Result "0-1"]
[WhiteTitle "FM"]
[BlackTitle "IM"]
[WhiteElo "2244"]
[BlackElo "2367"]
[WhiteFideId "10605371"]
[BlackFideId "10628452"]
[EventDate "2025.05.13"]

1. c4 Nf6 2. g3 c5 3. Nf3 Nc6 4. Bg2 d5 5. cxd5 Nxd5 6. Nc3 Nc7 7. O-O e5 8. b3
Be7 9. Bb2 O-O 10. d3 b6 11. Nd2 Bb7 12. Nc4 Rb8 13. Ne4 f6 14. Rc1 Qd7 15. h4
Ne6 16. Bh3 Rbe8 17. Ne3 Ncd4 18. Kh2 f5 19. Nd2 Bxh4 20. Bxd4 exd4 21. Nxf5 Bd8
22. Ne4 Bc7 23. b4 Qd5 24. Nh4 Qh5 25. Kg2 Ng5 26. Rh1 Nxe4 27. dxe4 Bxe4+ 28.
Nf3 Qd5 29. Bg4 g6 30. bxc5 h5 31. cxb6 hxg4 32. Rxc7 gxf3+ 33. Kg1 fxe2 34. Qc1
e1=Q+ 0-1

[Event "ch-Africa 2025"]
[Site "Kerdasa EGY"]
[Date "2025.05.19"]
[Round "8.4"]
[White "Yousry, Salah"]
[Black "George Samir, David"]
[Result "0-1"]
[WhiteTitle "FM"]
[BlackTitle "FM"]
[WhiteElo "2256"]
[BlackElo "2346"]
[WhiteFideId "10601120"]
[BlackFideId "10657789"]
[EventDate "2025.05.13"]

1. e4 c5 2. Nc3 d6 3. d4 cxd4 4. Qxd4 Nc6 5. Bb5 Bd7 6. Bxc6 Bxc6 7. Nf3 Nf6 8.
Bg5 e6 9. O-O-O Be7 10. Rhe1 O-O 11. e5 dxe5 12. Qh4 Qc7 13. Nxe5 h6 14. Bxf6
Bxf6 15. Qg3 Rac8 16. f4 b5 17. Ng4 Bxc3 18. bxc3 Kh8 19. Re5 Qe7 20. Rh5 Qa3+
21. Kb1 Rfd8 22. Rd3 Rxd3 23. Qxd3 Bd5 24. c4 Qxd3 25. cxd3 bxc4 26. dxc4 Rxc4
27. Ne3 Rb4+ 28. Kc1 Rxf4 29. a3 Rf2 30. g3 Ra2 31. Nxd5 exd5 32. Rxd5 Rxa3 33.
Kb2 Rf3 34. Ra5 Rf2+ 35. Kc1 Rxh2 36. Rxa7 Rg2 37. Ra3 Kh7 38. Kd1 Kg6 39. Ke1
f5 40. Kf1 Rb2 41. Ra7 Kf6 42. Kg1 g6 43. Ra6+ Kg5 44. Rc6 Kh5 45. Ra6 g5 46.
Ra4 Re2 47. Rb4 Re4 48. Rb2 Kg4 49. Kg2 h5 50. Ra2 h4 51. gxh4 Kxh4 52. Kf3 Rf4+
53. Kg2 Rb4 54. Kg1 Rb1+ 55. Kh2 g4 56. Ra8 Rb2+ 57. Kg1 f4 58. Kh1 f3 59. Ra1
g3 60. Kg1 Rg2+ 61. Kf1 Rh2 0-1

[Event "ch-Africa 2025"]
[Site "Kerdasa EGY"]
[Date "2025.05.19"]
[Round "8.5"]
[White "Boulrens, Ala Eddine"]
[Black "Fawzy, Adham"]
[Result "1/2-1/2"]
[BlackTitle "GM"]
[WhiteElo "2136"]
[BlackElo "2513"]
[WhiteFideId "7907559"]
[BlackFideId "10613129"]
[EventDate "2025.05.13"]

1. e4 c5 2. c3 d5 3. exd5 Nf6 4. Nf3 Nxd5 5. Bc4 Nc6 6. O-O a6 7. d4 e6 8. Re1
cxd4 9. Nxd4 Bc5 10. Nb3 Be7 11. N1d2 Nb6 12. Be2 O-O 13. Nc4 Nd5 14. Bf3 Bf6
15. Be3 Nxe3 16. Rxe3 Qc7 17. Qd6 Qxd6 18. Nxd6 Rd8 19. Rd1 Ne5 20. Be2 Rb8 21.
Nc5 b6 22. Nce4 Be7 23. f4 Ng6 24. g3 Bd7 25. Red3 Bc6 26. R3d2 b5 27. c4 bxc4
28. Bxc4 Nf8 29. b3 Rb6 30. Be2 Bd5 31. Nc4 Rbb8 32. Nc3 Bb7 33. Rd3 Rd7 34.
Rxd7 Bd8 1/2-1/2

[Event "ch-Africa 2025"]
[Site "Kerdasa EGY"]
[Date "2025.05.19"]
[Round "8.6"]
[White "Ashraf, Shereif"]
[Black "Idrissi, Chafik"]
[Result "0-1"]
[WhiteTitle "FM"]
[BlackTitle "CM"]
[WhiteElo "2264"]
[BlackElo "2107"]
[WhiteFideId "10618260"]
[BlackFideId "9000259"]
[EventDate "2025.05.13"]

1. e4 e6 2. d4 d5 3. Nd2 c5 4. Ngf3 cxd4 5. Nxd4 Nc6 6. Bb5 Bd7 7. Nxc6 bxc6 8.
Bd3 Qc7 9. O-O Nf6 10. Qe2 Bd6 11. Kh1 O-O 12. c4 dxe4 13. Bxe4 Rab8 14. b3 Be5
15. Rb1 Nxe4 16. Nxe4 c5 17. Be3 Bc6 18. Nxc5 Bd6 19. b4 a5 20. a3 axb4 21. axb4
Qe7 22. Na6 Qb7 23. f4 Qxa6 24. b5 Qb7 25. bxc6 Qxb1 26. Rxb1 Rxb1+ 27. Bg1 Bc5
28. h4 Bxg1 29. Qd3 Ra1 30. g3 Bb6+ 31. Kg2 Raa8 32. Qb3 Bc7 33. h5 h6 34. Qb7
Rac8 35. c5 e5 36. Kf3 Rfe8 37. fxe5 Bxe5 0-1

[Event "ch-Africa 2025"]
[Site "Kerdasa EGY"]
[Date "2025.05.19"]
[Round "8.7"]
[White "Ezat, Mohamed"]
[Black "Jele, Tapiwa"]
[Result "1-0"]
[WhiteTitle "IM"]
[WhiteElo "2296"]
[BlackElo "2105"]
[WhiteFideId "10600906"]
[BlackFideId "11002344"]
[EventDate "2025.05.13"]

1. d4 Nf6 2. c4 g6 3. Nc3 Bg7 4. e4 d6 5. Be2 O-O 6. Bg5 Na6 7. Qd2 e5 8. d5 Qe8
9. h3 Nc5 10. Bf3 a6 11. g4 a5 12. Nge2 Bd7 13. Ng3 b5 14. cxb5 Bxb5 15. Nxb5
Qxb5 16. Be2 Qa4 17. f3 Rab8 18. Kf1 Rb7 19. Kg2 Rfb8 20. b3 Qa3 21. Qc2 Qb4 22.
Bd2 Qb6 23. Rhb1 h6 24. Nf1 Qa7 25. Ne3 Qa8 26. Nc4 Rb5 27. Ne3 R5b6 28. Qc3 a4
29. b4 R6b7 30. Qc2 Ncd7 31. Nc4 Bf8 32. Na5 Rb6 33. Nc6 Rc8 34. a3 Nb8 35. b5
Nfd7 36. Be3 Nc5 37. Ra2 Nbd7 38. Bc4 Rb7 39. Qe2 Re8 40. Qc2 Qc8 41. Rh1 Kh7
42. Rb2 Bg7 43. Qd2 Qa8 44. Kf2 Rf8 45. Rg1 Qe8 46. Ke1 Nb6 47. Ba2 Nbd7 48. h4
Rh8 49. Rh1 Kg8 50. h5 g5 51. Kf2 Bf6 52. Kg2 Kg7 53. Rc1 Qc8 54. Qd1 Qa8 55.
Rb4 Re8 56. Bxc5 Nxc5 57. Rxc5 dxc5 58. Rxa4 Qc8 59. Bc4 Qd7 60. Ra6 Rb6 61. Qa4
Qd6 62. Qa5 Bd8 63. Qc3 f6 64. a4 Qd7 65. Ra7 Qc8 66. d6 Rf8 67. Qd3 Rxc6 68.
bxc6 Qb8 69. dxc7 Qb2+ 70. Qe2 1-0

[Event "ch-Africa 2025"]
[Site "Kerdasa EGY"]
[Date "2025.05.19"]
[Round "8.8"]
[White "Sayed, Hany"]
[Black "Abdelnabbi, Imed"]
[Result "1/2-1/2"]
[BlackTitle "IM"]
[WhiteElo "2033"]
[BlackElo "2385"]
[WhiteFideId "10605878"]
[BlackFideId "10600035"]
[EventDate "2025.05.13"]

1. e4 d6 2. d4 Nf6 3. Nc3 e5 4. Nf3 Nbd7 5. Bc4 Be7 6. h3 c6 7. a4 O-O 8. O-O b6
9. Re1 a6 10. dxe5 dxe5 11. Qe2 Bb7 12. Rd1 b5 13. Bb3 Qc7 14. axb5 axb5 15.
Rxa8 Bxa8 16. Nh4 Nc5 17. Nf5 Nxb3 18. cxb3 Bd8 19. Be3 g6 20. Ng3 Be7 21. Ra1
Bb7 22. Qc2 Qd7 23. Nce2 Ra8 24. Rxa8+ Bxa8 25. Bc5 Bd8 26. b4 Bb7 27. Qc3 Qd1+
28. Kh2 Nd7 29. Be3 h5 30. Nc1 Be7 31. f3 Nf8 32. Bc5 Bg5 33. Be3 Be7 34. Nh1
Ne6 35. Nf2 Qd8 36. Nfd3 Bd6 37. Nb3 Nd4 38. Na5 Ba8 39. Kh1 Bc7 40. Nb3 Qd6 41.
Nbc5 Qd8 42. Qd2 Qe7 43. f4 f6 44. fxe5 fxe5 45. Bg5 Qf7 46. Qd1 Bd6 47. Be3 Bb7
48. Bxd4 exd4 49. e5 Bf8 50. Qg1 Qc4 51. Qf2 Bc8 52. Qf6 Bf5 53. e6 Bxc5 54.
Qd8+ Kg7 55. Qc7+ Kh6 56. Qf4+ Kh7 57. Qc7+ Kh6 58. Nxc5 Bxe6 59. Qf4+ Kh7 60.
Ne4 Bf5 61. Ng5+ Kg7 62. Qe5+ Kf8 63. Qd6+ Ke8 64. Qb8+ Kd7 65. Qb7+ Ke8 66.
Qb8+ Ke7 67. Nf3 d3 68. Qc7+ Bd7 69. Qe5+ Qe6 70. Qg5+ Ke8 71. Kg1 Qf5 72. Qe3+
Kd8 73. Kf2 Be6 74. Qb6+ Kd7 75. Qa7+ Kd6 76. Qb8+ Ke7 77. Ke3 Bd5 78. Qe5+
Qxe5+ 79. Nxe5 Kf6 80. Nxd3 Bxg2 81. Nf4 Bh1 82. h4 Kf5 83. Nh3 Be4 84. Nf2 Bb1
85. Kf3 Ke5 86. Ke3 Kd5 87. b3 Bc2 88. Nh3 Ke5 89. Nf4 Kf5 90. Ne2 Kg4 91. Nd4
Bd1 92. Nxc6 Bxb3 93. Ne5+ Kxh4 94. Nxg6+ Kg3 95. Nf4 h4 96. Ne2+ Kg4 97. Kf2 h3
98. Kg1 Bc4 99. Nd4 Kg3 100. Nf5+ Kf4 101. Nd6 Ke5 102. Ne8 Kd4 103. Kh2 Kc3
104. Kxh3 1/2-1/2

[Event "ch-Africa 2025"]
[Site "Kerdasa EGY"]
[Date "2025.05.19"]
[Round "8.9"]
[White "Sameh Mohamed, Abdalrahman"]
[Black "Abdallah, Mohamed Khalil"]
[Result "1-0"]
[WhiteTitle "IM"]
[BlackTitle "CM"]
[WhiteElo "2211"]
[BlackElo "2123"]
[WhiteFideId "54262674"]
[BlackFideId "5529506"]
[EventDate "2025.05.13"]

1. e4 c5 2. Nf3 d6 3. d4 cxd4 4. Nxd4 Nf6 5. Nc3 a6 6. Bc4 e6 7. Be3 Be7 8. Bb3
Nc6 9. a3 Bd7 10. f3 h5 11. Qd2 Rc8 12. O-O-O Na5 13. Ba2 b5 14. Rhe1 Qc7 15. h3
h4 16. Bg5 Nc4 17. Bxc4 bxc4 18. Kb1 Rb8 19. Ka2 Qa5 20. Nf5 exf5 21. exf5 O-O
22. Rxe7 Rxb2+ 23. Kxb2 Rb8+ 24. Ka2 Bxf5 25. Bxf6 gxf6 26. Qxd6 1-0

[Event "ch-Africa 2025"]
[Site "Kerdasa EGY"]
[Date "2025.05.19"]
[Round "8.10"]
[White "Khalil, Ahmed Salem"]
[Black "Tamer Waguih, Farid"]
[Result "1-0"]
[WhiteTitle "CM"]
[BlackTitle "FM"]
[WhiteElo "2102"]
[BlackElo "2206"]
[WhiteFideId "10616624"]
[BlackFideId "10685723"]
[EventDate "2025.05.13"]

1. Nf3 d5 2. c4 e6 3. d4 Nf6 4. g3 Be7 5. Bg2 O-O 6. O-O c6 7. Nc3 b6 8. Nd2 a5
9. e4 dxc4 10. Nxc4 Ba6 11. b3 b5 12. Ne5 b4 13. Ne2 Bxe2 14. Qxe2 Qxd4 15. Bb2
Qb6 16. Rac1 a4 17. Rc2 Nfd7 18. Qg4 Nxe5 19. Bxe5 g6 20. h4 Nd7 21. Bb2 Qb5 22.
Qf4 axb3 23. axb3 e5 24. Qf3 Nc5 25. Rfc1 Ra3 26. Bxa3 bxa3 27. Rb1 Ne6 28. Bf1
Qb6 29. Ra2 Nd4 30. Qe3 Bb4 31. Bc4 c5 32. Kg2 Kg7 33. h5 f5 34. exf5 Rxf5 35.
h6+ Kf8 36. Bd3 Rf3 37. Qxe5 Rxd3 38. Qh8+ Kf7 39. Qxh7+ Kf6 40. Qg7+ Kf5 41.
Qf7+ Ke5 42. f4+ Ke4 43. h7 Qd8 44. Qxg6+ Ke3 45. Qg8 Qe7 46. h8=Q Rd2+ 47. Rxd2
Qe4+ 48. Kh3 Qxb1 49. Rxd4 a2 50. Qe5+ Kf2 51. Rxb4 a1=Q 52. Qxc5+ Kf1 53. Qgc4+ 1-0

[Event "ch-Africa 2025"]
[Site "Kerdasa EGY"]
[Date "2025.05.19"]
[Round "8.11"]
[White "Ahmed, Moustafa Elsayed"]
[Black "Alhassadi, Yousef A."]
[Result "1-0"]
[BlackTitle "FM"]
[WhiteElo "2079"]
[BlackElo "2165"]
[WhiteFideId "10610804"]
[BlackFideId "9204725"]
[EventDate "2025.05.13"]

1. d4 Nf6 2. c4 e6 3. g3 d5 4. Bg2 Bb4+ 5. Nd2 O-O 6. Nf3 b6 7. cxd5 exd5 8. O-O
Bb7 9. Qc2 Re8 10. Ne5 Bd6 11. Ndf3 c5 12. Bg5 h6 13. Bxf6 Qxf6 14. Qa4 Qe7 15.
e3 Nc6 16. Nd3 c4 17. Nf4 Bxf4 18. gxf4 a6 19. a3 Qe6 20. Qc2 b5 21. Nh4 Ne7 22.
Kh1 Qf6 23. Nf3 Bc8 24. Ne5 Bf5 25. Qe2 Qe6 26. Rg1 f6 27. Nf3 Bg4 28. h3 Bxh3
29. Nh4 Bxg2+ 30. Rxg2 Qh3+ 31. Rh2 Qe6 32. Rg1 Kh7 33. Qh5 Rg8 34. Rhg2 Qh3+
35. Rh2 Qe6 36. Rg3 Ra7 37. Rhg2 a5 38. f5 Qe4 39. Rg4 Qb1+ 40. Rg1 Qc2 41. Qf7
Nxf5 42. Qg6+ Kh8 43. Nxf5 Qxf2 44. R1g2 Qf3 45. Rh4 1-0

[Event "ch-Africa 2025"]
[Site "Kerdasa EGY"]
[Date "2025.05.19"]
[Round "8.12"]
[White "Nsubuga, Haruna"]
[Black "Simpson, Michael"]
[Result "1-0"]
[WhiteTitle "FM"]
[BlackTitle "FM"]
[WhiteElo "2137"]
[BlackElo "2108"]
[WhiteFideId "10000569"]
[BlackFideId "14338882"]
[EventDate "2025.05.13"]

1. e4 e5 2. Nf3 Nc6 3. Bc4 Nf6 4. d3 d5 5. exd5 Nxd5 6. O-O Be7 7. Re1 f6 8. Nc3
Nb6 9. Bb3 a5 10. a3 Bg4 11. Be3 Qd7 12. h3 Be6 13. Bxe6 Qxe6 14. Bxb6 cxb6 15.
d4 Rd8 16. d5 Qf7 17. Qe2 Na7 18. Nb5 Nxb5 19. Qxb5+ Kf8 20. c4 Rd6 21. Rad1 Qe8
22. Qb3 a4 23. Qc2 Rd8 24. Re2 Bc5 25. Qf5 Qf7 26. g4 Re8 27. d6 g6 28. Qc2 Kg7
29. g5 Rhf8 30. d7 Rd8 31. gxf6+ Qxf6 32. Nxe5 Qg5+ 33. Kf1 Qh4 34. Kg2 Qg5+ 35.
Ng4 h5 36. Rd5 Qf4 37. Qc3+ Kh7 38. Rxc5 hxg4 39. Re7+ Rf7 40. Rxf7+ Qxf7 41.
Rg5 Rf8 42. Qg3 Qxd7 43. Qxg4 Qc6+ 44. Rd5 Rf5 45. Qh4+ Kg7 46. Qd4+ Kh7 47. Kg3
Rf7 48. f4 b5 49. cxb5 Qc1 50. Re5 Qf1 51. h4 Qh1 52. h5 Rg7 53. Rg5 Qe1+ 54.
Qf2 Qd1 55. Qf3 Qe1+ 56. Kh3 Re7 57. hxg6+ Kg8 58. Qd5+ Kg7 59. Qd4+ Kg8 60.
Qc4+ Kf8 61. g7+ Rxg7 62. Qc8+ 1-0

[Event "ch-Africa 2025"]
[Site "Kerdasa EGY"]
[Date "2025.05.19"]
[Round "8.13"]
[White "Amdouni, Zoubaier"]
[Black "Elhusseiny, Eyad"]
[Result "0-1"]
[WhiteTitle "FM"]
[BlackTitle "CM"]
[WhiteElo "2226"]
[BlackElo "2075"]
[WhiteFideId "5500419"]
[BlackFideId "10681523"]
[EventDate "2025.05.13"]

1. e4 c5 2. Nc3 Nc6 3. Bb5 Nd4 4. Nf3 a6 5. Bd3 g6 6. O-O Bg7 7. Re1 Nf6 8. b3
Nc6 9. Bb2 d6 10. Bf1 Bg4 11. h3 Bxf3 12. Qxf3 Nd7 13. Qd1 O-O 14. Qc1 e6 15.
Ne2 Bxb2 16. Qxb2 Qf6 17. c3 Rac8 18. Rad1 Rfd8 19. d4 cxd4 20. Nxd4 Nde5 21.
Qc1 Nxd4 22. Rxd4 Rc7 23. Qd2 Rcd7 24. c4 Nc6 25. Rd3 Ne5 26. Qc3 Qe7 27. Rd2
Nc6 28. Red1 e5 29. Rd5 Nd4 30. f4 f6 31. Qe3 Rc7 32. Bd3 Rc5 33. Rf1 b5 34. Qf2
Kg7 35. fxe5 fxe5 36. cxb5 axb5 37. Rxc5 dxc5 38. a4 c4 39. bxc4 bxa4 40. Bb1
Rf8 41. Qe3 Rxf1+ 42. Kxf1 Qf7+ 43. Kg1 Qxc4 44. Kh2 Qf1 0-1

[Event "ch-Africa 2025"]
[Site "Kerdasa EGY"]
[Date "2025.05.19"]
[Round "8.14"]
[White "Musonda Chola"]
[Black "Abdel Moniem, Mohamed"]
[Result "1-0"]
[WhiteTitle "FM"]
[WhiteElo "2127"]
[BlackElo "2144"]
[WhiteFideId "8706050"]
[BlackFideId "10605924"]
[EventDate "2025.05.13"]

1. e4 c5 2. Nf3 e6 3. d4 cxd4 4. Nxd4 a6 5. Nc3 b5 6. g3 Bb7 7. Bg2 Nf6 8. O-O
d5 9. e5 Ne4 10. Qh5 g6 11. Qh3 Nxc3 12. bxc3 Nc6 13. Bh6 Qe7 14. a4 Nxd4 15.
cxd4 b4 16. a5 Rc8 17. Rfc1 Bxh6 18. Qxh6 Rc3 19. Rab1 Kd7 20. Rb2 Rhc8 21. Rcb1
R8c4 22. Qd2 Bc8 23. Bf1 Rc6 24. Bd3 Qd8 25. Qh6 Qxa5 26. Qxh7 Ke7 27. Bxg6 Rf3
28. Bh5 Rf5 29. Bg4 Qc7 30. Bxf5 exf5 31. Qh4+ Ke8 32. Rxb4 Rxc2 33. Qh8+ Kd7
34. Qf8 Qc3 35. Qxf7+ Kd8 36. Qf8+ Kd7 37. Rb7+ 1-0